FIFA World Cup knock out stage qualifiers - Statistics

General Stats
  • This quiz has been taken 45 times
  • The average score is 35 of 41
Answer Stats
Hint1 Answer % Correct
6 Argentina
100%
7 Brazil
100%
5 France
100%
4 Spain
100%
6 England
98%
3 Italy
98%
4 United States of America
98%
5 Netherlands
95%
3 Sweden
95%
3 Belgium
93%
3 Chile
93%
5 Germany
93%
1 Poland
93%
4 Portugal
93%
3 Uruguay
93%
2 Colombia
90%
3 Croatia
90%
3 Denmark
90%
4 Japan
90%
6 Mexico
90%
1 Russia
90%
3 South Korea
90%
2 Australia
88%
1 Morocco
88%
4 Switzerland
88%
3 Switzerland
88%
1 Greece
80%
1 Turkey
80%
1 Ukraine
80%
2 Ghana
75%
1 Norway
75%
3 Paraguay
75%
1 Slovakia
75%
1 Ecuador
73%
2 Nigeria
73%
2 Senegal
73%
1 Ireland
70%
1 Algeria
68%
1 Romania
68%
1 Costa Rica
63%
1 Yugoslavia
43%
No matching quizzes found
Score Distribution
Percent of People with Each Score
Percentile by Number Answered
Your Score History
You have not taken this quiz